000
00316 a2200145 4500
001
176082
020
_a
040
_c
Magnum
100
_a
-
240
1
0
_a
Belo horizonte - dados gerais
_l
por
245
1
0
_a
Belo horizonte - dados gerais
362
0
_a
1899
697
_a
MAGNITO: ORGANIZACAO SOCIAL
942
_c
BK
999
_c
176082
_d
176082